000 00702nam a2200253Ia 4500
001 dia_3296
003 CHAP
005 20221215123529.0
008 220117s2002 xx 000 0 und d
010 _a170729
020 _a970-625-334-5
040 _cCHAP
082 _a510 C5Y
100 _aClarke, David
_9147827
245 _aEvaluación Constructiva en Matematicas, Pasos Prácticos para Profesores /
_c por David Clarke
260 _aMéxico :
_b Iberoamericana,
_c2002
300 _a101 P.
503 _aC/E
650 _a1.Matemáticas
_9147017
901 _a510 C5Y
902 _aM
905 _a0000002002 MX X 0000000000SPA00
942 _cLIBRO
_2ddc
999 _c170729
_d170729